W którym miejscu najczęściej przecierają się ubrania? - Statystyki

Ogólne statystyki
  • Ten quiz został rozwiązany 3 razy
  • Średni wynik to 3 z 5
Statystyki odpowiedzi
Odpowiedź % Poprawnych
Na kolanach
100%
Na piętach
100%
Na palcach
50%
Na biodrach
0%
Na łokciach
0%
Nie znaleziono quizów pasujących do podanych kryteriów
Rozkład punktacji
Procent ludzi z każdym wynikiem
Percentyl według liczby udzielonych odpowiedzi
Twoja historia wyników
Nie rozwiązałeś tego quizu